[Event "AUTO-MASTER-244"]
[Site "http://www.queenalice.com/game.php?id=147617"]
[Date "2006.12.29"]
[Round "1"]
[White "pawelszwarc"]
[Black "Francisco"]
[Result "1-0"]
[WhiteElo "2114"]
[BlackElo "2079"]

1. d4 d5 2. c4 e6 3. Nc3 c6 4. e4 dxe4 5. Nxe4 Nf6 6. Nxf6+ Qxf6 7. Nf3 Bb4+ 8.
Bd2 Bxd2+ 9. Qxd2 Nd7 10. O-O-O O-O 11. Bd3 h6 12. Qe3 b6 13. Qe4 Qf5 14. Qxf5
exf5 15. Bxf5 Nf6 16. Bxc8 Raxc8 17. Rhe1 Rfe8 18. Ne5 Nh5 19. g3 f6 20. Ng4 Kf7
21. Rxe8 Rxe8 22. Ne3 g6 23. d5 cxd5 24. cxd5 f5 25. Rd4 Nf6 26. Kc2 Rd8 27. a4
Ke7 28. f3 Rc8+ 29. Kd3 Kd6 30. Nc4+ Ke7 31. Ne5 g5 32. Nc6+ Kd6 33. Nxa7 Rc1
34. Nb5+ Kd7 35. Nc3 Rh1 36. Rb4 1-0

[Event "AUTO-MASTER-244"]
[Site "http://www.queenalice.com/game.php?id=147618"]
[Date "2006.12.29"]
[Round "1"]
[White "Francisco"]
[Black "pawelszwarc"]
[Result "0-1"]
[WhiteElo "2130"]
[BlackElo "2037"]

1. d4 Nf6 2. Nf3 g6 3. g3 Bg7 4. Bg2 O-O 5. O-O d6 6. c4 Nc6 7. d5 Na5 8. Nfd2
c5 9. Nc3 a6 10. Rb1 Rb8 11. b3 b5 12. Qc2 e5 13. dxe6 fxe6 14. e4 Nc6 15. Qd1
Qa5 16. Bb2 Ne8 17. Rc1 Nb4 18. a3 Nd3 19. b4 cxb4 20. axb4 Qxb4 0-1

[Event "AUTO-MASTER-244"]
[Site "http://www.queenalice.com/game.php?id=147619"]
[Date "2006.12.29"]
[Round "1"]
[White "pawelszwarc"]
[Black "vila1"]
[Result "1-0"]
[WhiteElo "2082"]
[BlackElo "1712"]

1. e4 c5 2. Nf3 d6 3. d4 cxd4 4. Nxd4 Nf6 5. Nc3 a6 6. Bg5 Nbd7 7. f4 b5 8. Bxf6
exf6 9. a4 bxa4 10. Rxa4 Bb7 11. Bc4 Rc8 12. Bxa6 Nc5 13. Bxb7 Nxb7 14. Nd5 Nc5
15. Ra7 Nxe4 16. Qe2 f5 17. Qb5+ 1-0

[Event "AUTO-MASTER-244"]
[Site "http://www.queenalice.com/game.php?id=147620"]
[Date "2006.12.29"]
[Round "1"]
[White "vila1"]
[Black "pawelszwarc"]
[Result "0-1"]
[WhiteElo "1731"]
[BlackElo "2093"]

1. c4 f5 2. g3 g6 3. Bg2 Bg7 4. Nc3 d6 5. e3 e5 6. Nge2 Nc6 7. d4 Nf6 8. O-O O-O
9. dxe5 Nxe5 10. Nd5 c6 11. Nxf6+ Qxf6 12. f4 Nxc4 13. Nc3 Be6 14. Re1 Rfe8 15.
Qd3 d5 16. Bd2 Nxb2 17. Qb1 Nc4 18. Qd3 Nxd2 19. Qxd2 Qxc3 0-1

[Event "Challenge"]
[Site "http://www.queenalice.com/game.php?id=161899"]
[Date "2007.2.1"]
[Round "-"]
[White "pawelszwarc"]
[Black "MilkyWay"]
[Result "1-0"]
[WhiteElo "2140"]
[BlackElo "1629"]

1. d4 d5 2. c4 c6 3. Nf3 Nf6 4. b3 Bf5 5. Nbd2 e6 6. Bb2 Nbd7 7. g3 Bd6 8. Bg2
O-O 9. O-O Re8 10. Nh4 Bg4 11. h3 Bh5 12. g4 Nxg4 13. Nhf3 Nh6 14. e4 dxe4 15.
Nxe4 Bc7 16. Ng3 Bg6 17. Re1 Nf5 18. Nxf5 Bxf5 19. Qd2 Nf8 20. Qc3 Qf6 21. Ne5
Qg5 22. Rad1 Ng6 23. Nf3 Qh6 24. Bc1 Qh5 25. Ng5 f6 26. Ne4 Nh4 27. Bh1 Qg6+ 28.
Kf1 Bh2 29. Ba3 Rad8 30. Qe3 e5 31. d5 Bf4 32. Qd3 cxd5 33. cxd5 Qf7 34. d6 Qe6
35. Kg1 Bxh3 36. Nxf6+ Qxf6 37. Qxh3 e4 38. d7 Re5 39. Bxe4 1-0

[Event "Challenge"]
[Site "http://www.queenalice.com/game.php?id=161916"]
[Date "2007.2.1"]
[Round "-"]
[White "MilkyWay"]
[Black "pawelszwarc"]
[Result "0-1"]
[WhiteElo "1710"]
[BlackElo "2071"]

1. e4 c5 2. Nc3 e6 3. f4 d5 4. Bb5+ Bd7 5. Bxd7+ Qxd7 6. d3 Nc6 7. Nf3 dxe4 8.
dxe4 Qxd1+ 9. Nxd1 Nf6 10. Nc3 Nb4 11. O-O Nxc2 12. e5 Nxa1 13. exf6 gxf6 14.
Nb5 Kd7 15. Na3 c4 16. Rd1+ Ke8 17. Nxc4 Nc2 18. a3 Bc5+ 19. Kh1 Rd8 20. Rxd8+
Kxd8 21. b4 Bb6 22. Nxb6 axb6 23. Kg1 Ke7 24. Kf2 Ra8 0-1

[Event "First 2007 match :)"]
[Site "http://www.queenalice.com/game.php?id=166881"]
[Date "2007.2.10"]
[Round "-"]
[White "pawelszwarc"]
[Black "andreavb"]
[Result "1-0"]
[WhiteElo "2062"]
[BlackElo "1833"]

1. e4 e5 2. Nf3 d6 3. d4 Nd7 4. Bc4 c6 5. O-O Be7 6. dxe5 Nxe5 7. Nxe5 dxe5 8.
Qh5 g6 9. Qxe5 Nf6 10. Bh6 Qd6 11. Qxd6 Bxd6 12. Bg7 Be5 13. Bxh8 Bxb2 14. Bxf6
Bxf6 15. c3 1-0

[Event "Challenge"]
[Site "http://www.queenalice.com/game.php?id=167652"]
[Date "2007.2.12"]
[Round "-"]
[White "bobesponja"]
[Black "pawelszwarc"]
[Result "0-1"]
[WhiteElo "1912"]
[BlackElo "2083"]

1. e4 c5 2. Nf3 d6 3. d4 cxd4 4. Nxd4 Nf6 5. Nc3 a6 6. Bc4 e6 7. Bb3 b5 8. O-O
b4 9. Na4 Be7 10. f3 Bb7 11. Kh1 Nc6 12. Be3 O-O 13. Qd2 Rb8 14. Rad1 Na5 15.
Ne2 Nxb3 16. axb3 Bc6 17. Nd4 Bb5 18. Rf2 Qc7 19. Qxb4 Be2 20. Qxb8 Rxb8 21.
Rxe2 d5 22. exd5 Nxd5 0-1

[Event "Rematch"]
[Site "http://www.queenalice.com/game.php?id=171220"]
[Date "2007.2.19"]
[Round "-"]
[White "andreavb"]
[Black "pawelszwarc"]
[Result "0-1"]
[WhiteElo "1868"]
[BlackElo "2073"]

1. e4 c5 2. Nf3 d6 3. d4 cxd4 4. Nxd4 Nf6 5. Nc3 a6 6. Bd3 e5 7. Nf3 b5 8. O-O
Bb7 9. Re1 Be7 10. Be3 Nbd7 11. Qe2 O-O 12. Rad1 b4 13. Nb1 Nxe4 14. Nbd2 d5 15.
Nf1 f5 16. Bc1 Qb6 17. N3d2 Nxf2 18. Qxf2 Bc5 19. Ne3 f4 20. Nf3 e4 21. Bf1 exf3
22. gxf3 fxe3 23. Bxe3 d4 24. Bxd4 Rxf3 25. Bxc5 Nxc5 26. Bc4+ Kh8 27. Qd4 Qg6+
28. Kh1 Rf1# 0-1

[Event "bobesponja"]
[Site "http://www.queenalice.com/game.php?id=180878"]
[Date "2007.3.12"]
[Round "1"]
[White "pawelszwarc"]
[Black "Carlos75"]
[Result "1/2-1/2"]
[WhiteElo "2206"]
[BlackElo "2404"]

1. e4 e5 2. Nf3 Nc6 3. Bb5 a6 4. Ba4 Nf6 5. O-O Be7 6. d4 exd4 7. e5 Ne4 8. Nxd4
O-O 9. Nf5 d5 10. exd6 Bxf5 11. dxe7 Nxe7 12. Bb3 Qxd1 13. Rxd1 Rad8 14. Re1 Nc5
15. Nc3 Nxb3 16. cxb3 Ng6 17. Be3 Ne5 18. Bg5 f6 19. Rxe5 fxe5 20. Bxd8 Rxd8 21.
Re1 e4 22. h3 Rd4 23. g4 Bg6 24. Kg2 b5 25. f4 exf3+ 26. Kxf3 Kf7 27. Re5 c6 28.
Rc5 b4 29. Na4 Rd6 30. Nb6 Bb1 31. Ra5 Rd3+ 32. Kf4 Kf6 33. h4 Rd4+ 34. Kf3 Rd3+
35. Kf4 h6 36. g5+ hxg5+ 37. hxg5+ Kg6 38. Rxa6 Rd4+ 39. Ke5 Rd3 40. Ra7 Rd2 41.
Nc4 Rd5+ 42. Ke6 Bf5+ 43. Ke7 Kxg5 44. Rb7 g6 45. Rb6 Rd7+ 46. Kf8 c5 47. Rc6
Be4 48. Rxc5+ Kf4 49. Ne5 Rd4 50. Ke7 g5 51. Rb5 Bf5 52. a3 g4 53. Nxg4 Bxg4 54.
Rxb4 Rxb4 55. axb4 Ke5 56. b5 Kd5 57. b4 1/2-1/2

[Event "Challenge"]
[Site "http://www.queenalice.com/game.php?id=193508"]
[Date "2007.4.7"]
[Round "-"]
[White "Sidinei"]
[Black "pawelszwarc"]
[Result "0-1"]
[WhiteElo "2212"]
[BlackElo "2193"]

1. d4 Nf6 2. c4 g6 3. Nc3 Bg7 4. Bg5 c5 5. d5 b5 6. cxb5 d6 7. Nf3 h6 8. Bd2 e6
9. dxe6 Bxe6 10. e4 d5 11. exd5 Nxd5 12. Bd3 a6 13. Nxd5 Bxd5 14. Qe2+ Qe7 15.
O-O-O Qxe2 16. Bxe2 Bxa2 17. Bf4 O-O 18. b6 Nc6 19. b7 Ra7 20. Rd7 Nb8 21. Rhd1
Nxd7 22. Rxd7 Be6 23. b8=Q Rxb8 24. Rxa7 Rxb2 25. Nd2 c4 26. Bf3 c3 27. Ne4 Bc4
28. Rd7 Ra2 29. Nc5 Ra1+ 30. Kc2 Kh7 31. Be3 Ra2+ 32. Kd1 Ra1+ 33. Bc1 Bf8 34.
Nd3 a5 35. Kc2 Bb4 36. Nxb4 axb4 37. Be3 Ra2+ 38. Kb1 b3 39. Be4 Re2 40. Kc1
Re1+ 41. Rd1 b2+ 42. Kc2 Rxd1 43. Kxc3 Bd5 44. Bc2 b1=Q 45. Bxb1 Rxb1 46. g3 g5
47. f4 g4 48. Kd4 Bb7 49. Ke5 Re1 50. Kd4 Re2 51. f5 Rxh2 52. Kc5 Rh5 53. Kb6
Rxf5 54. Kxb7 Rf3 55. Bd4 Rxg3 56. Ka6 Rd3 57. Bc5 g3 58. Bg1 g2 59. Kb5 Rd1 60.
Be3 g1=Q 61. Bxg1 Rxg1 0-1

[Event "OnGuard"]
[Site "http://www.queenalice.com/game.php?id=195895"]
[Date "2007.4.12"]
[Round "-"]
[White "pawelszwarc"]
[Black "mister"]
[Result "0-1"]
[WhiteElo "2212"]
[BlackElo "2180"]

1. e4 c5 2. Nf3 d6 3. d4 cxd4 4. Nxd4 Nf6 5. Nc3 a6 6. g3 e5 7. Nb3 Nc6 8. Nd5
Nxe4 9. Be3 Nc5 10. Bg2 Na4 11. Qe2 Be6 12. f4 Be7 13. O-O O-O 14. Nxe7+ Nxe7
15. fxe5 dxe5 16. Bxb7 Rb8 17. Bxa6 Nxb2 18. a4 Qc7 19. Bf2 Rfd8 20. Rfe1 Bd5
21. Qxe5 Qxe5 22. Rxe5 Nc6 23. Re2 Nc4 24. Bb5 f6 25. Bxc6 Bxc6 26. a5 Ne5 27.
Bb6 Rd7 28. h3 Nf3+ 29. Kf2 Ng5 30. Nc5 Rd5 31. Nd3 Nxh3+ 32. Ke1 Rg5 33. Kd2
Rg4 34. Ra3 Ng5 35. Nf2 Rc4 36. Re7 Rc8 37. c3 Nf3+ 38. Kc1 Ne5 39. a6 Bg2 40.
Kc2 R4c6 41. Bd4 Kf8 42. Rxe5 fxe5 43. Bxe5 Re6 44. Bd4 Re2+ 45. Kd1 Bf3 46. Kc1
Ke7 47. a7 g6 48. Ra6 Kd7 49. Rf6 Ba8 50. Nd3 Rce8 51. c4 Kc8 52. Rb6 Bb7 53. c5
R8e6 54. Nf4 Rxb6 55. cxb6 Re4 56. Bf2 g5 57. Nh5 Re2 58. Bc5 Bc6 59. Ng7 Kb7
60. Bd4 Bd7 61. Nh5 h6 62. Nf6 Bc6 63. g4 Bf3 64. Nd7 Rg2 65. Ne5 Bd5 66. Kd1
Be6 67. Ke1 Ra2 68. Be3 Ra5 69. Nd3 Ra1+ 0-1

[Event "AUTO-OPEN-480"]
[Site "http://www.queenalice.com/game.php?id=200136"]
[Date "2007.4.21"]
[Round "2"]
[White "jolufongonz"]
[Black "pawelszwarc"]
[Result "1-0"]
[WhiteElo "2160"]
[BlackElo "2155"]

1. Nf3 d5 2. d4 c6 3. c4 e6 4. Nc3 dxc4 5. a4 Bb4 6. e3 b5 7. Bd2 a5 8. axb5
Bxc3 9. Bxc3 cxb5 10. b3 Bb7 11. d5 1-0

[Event "AUTO-OPEN-480"]
[Site "http://www.queenalice.com/game.php?id=200137"]
[Date "2007.4.21"]
[Round "2"]
[White "pawelszwarc"]
[Black "jolufongonz"]
[Result "0-1"]
[WhiteElo "2168"]
[BlackElo "2141"]

1. e4 e5 2. Nf3 Nc6 3. Bb5 a6 4. Ba4 Nf6 5. O-O Nxe4 6. d4 b5 7. Bb3 d5 8. Nxe5
Nxe5 9. dxe5 c6 10. Nd2 Bf5 0-1

[Event "Challenge"]
[Site "http://www.queenalice.com/game.php?id=200510"]
[Date "2007.4.21"]
[Round "-"]
[White "pawelszwarc"]
[Black "Bergman"]
[Result "1-0"]
[WhiteElo "2172"]
[BlackElo "2480"]

1. e4 c5 2. Nf3 Nc6 3. d4 cxd4 4. Nxd4 Nf6 5. Nc3 e5 6. Ndb5 d6 7. Bg5 a6 8. Na3
Be6 9. Nc4 Be7 10. Bxf6 Bxf6 11. Nxd6+ Kf8 12. Nc4 Nd4 13. Ne3 Qb6 14. Rb1 Rd8
15. Bd3 Bg5 16. Ncd5 Qa7 17. O-O h5 18. c3 Nc6 19. a4 Ne7 20. Qe2 h4 21. h3 Bxe3
22. Nxe3 1-0

[Event "Challenge"]
[Site "http://www.queenalice.com/game.php?id=200511"]
[Date "2007.4.21"]
[Round "-"]
[White "Bergman"]
[Black "pawelszwarc"]
[Result "0-1"]
[WhiteElo "2495"]
[BlackElo "2150"]

1. e4 c5 2. Nf3 d6 3. d4 cxd4 4. Nxd4 Nf6 5. Nc3 a6 6. Bg5 e6 7. f4 Be7 8. Qf3
Qc7 9. O-O-O Nbd7 10. f5 Ne5 11. Qg3 b5 12. a3 Rb8 13. Be2 b4 14. axb4 Rxb4 15.
Rhf1 h5 16. fxe6 fxe6 17. Qh3 Nfg4 18. Bxe7 Qxe7 19. Kb1 Qb7 20. Nb3 Qc7 21.
Bxg4 Nxg4 22. Qg3 Rb6 23. h3 Ne5 24. Rf4 Bb7 0-1